000 00394nam a2200145 a 4500
005 20260322212045.0
008 data
092 _a359
110 2 _aCranberries (Musical group)
245 1 0 _aEverybody else is doing it, so why can't we?
_cCranberries (Musical group).
260 _aUSA
_bIsland Records Inc.
_c1993
650 0 _aRock music
_x2011-2020
650 0 _aElectric guitar music
001 data
999 _c1062
_d1062